| 000 -ლიდერი |
| ფიქსირებული სიგრძის საკონტროლო ველი |
01052nam a22002177a 4500 |
| 003 - საკონტროლო ნომრის იდენტიფიკატორი |
| საკონტროლო ველი |
Ge_BSU |
| 005 - ბოლო ოპერაციის თარიღი და დრო |
| საკონტროლო ველი |
20191216112706.0 |
| 008 - ფიქსირებული სიგრძის მონაცემთა ელემენტები - ზოგადი ინფორმაცია |
| ფიქსირებული სიგრძის საკონტროლო ველი |
191216s2019 ||||| |||| 00| 0 geo d |
| 020 ## - წიგნის საერთაშორისო სტანდარტული ნომერი |
| International Standard Book Number |
9789941811852 |
| 041 ## - ენის კოდი |
| Language code of text/sound track or separate title |
geo |
| 080 ## - უნივერსალური ათობითი კლასიფიკაციის ინდექსი |
| Universal Decimal Classification number |
821.353.1-4 ბ-25 |
| 100 ## - მთავარი ჩანაწერი - პიროვნების სახელი |
| Personal name |
ბარბაქაძე, დათო. |
| 9 (RLIN) |
5805 |
| 245 ## - ცნობა სათაურის შესახებ |
| Title |
ტრფობა წამებულთა = Passion of the Martyrs : |
| Remainder of title |
[ესე] / |
| Statement of responsibility, etc |
დათო ბარბაქაძე ; თარგმ. მერი ფიფია ; დიზ : გვანცა მახათაძე. |
| 264 ## - წარმოების, გამოცემის, დისტრიბუციის და სხვა ცნობები |
| გამოცემის, წარმოების, დისტრიბუციის... ადგილი |
თბილისი : |
| გამოცემის, წარმოების, დისტრიბუციის... სახელწოდება |
პოეზია, |
| გამოცემის, წარმოების, დისტრიბუციის... თარიღი |
2019. |
| 300 ## - ფიზიკური აღწერა |
| Extent |
104 გვ. ; |
| Dimensions |
20 სმ. |
| 546 ## - LANGUAGE NOTE |
| Language note |
გარეკანი და ტექსტი ქართ. და ინგლ. ენებზე. |
| 653 ## - INDEX TERM--UNCONTROLLED |
| Uncontrolled term |
ქართული ესე |
| 700 ## - ADDED ENTRY--PERSONAL NAME |
| Personal name |
ფიფია, მერი |
| Relator term |
მთარგმნელი |
| 9 (RLIN) |
5806 |
| 700 ## - ADDED ENTRY--PERSONAL NAME |
| Personal name |
მახათაძე, გვანცა |
| Relator term |
დიზაინერი |
| 9 (RLIN) |
4794 |
| 942 ## - ADDED ENTRY ELEMENTS (KOHA) |
| Source of classification or shelving scheme |
|
| Koha item type |
წიგნი |